Process control instrumentation technology / (Record no. 32337)

000 -LEADER
fixed length control field 01049cam a22003134a 4500
001 - CONTROL NUMBER
control field 13926828
003 - CONTROL NUMBER IDENTIFIER
control field OSt
005 - DATE AND TIME OF LATEST TRANSACTION
control field 20211118160824.0
008 - FIXED-LENGTH DATA ELEMENTS--GENERAL INFORMATION
fixed length control field 050412s2006 njua b 001 0 eng
010 ## - LIBRARY OF CONGRESS CONTROL NUMBER
LC control number 2005047668
020 ## - INTERNATIONAL STANDARD BOOK NUMBER
International Standard Book Number 9788120330290
038 ## - RECORD CONTENT LICENSOR
Staff Name khadija
040 ## - CATALOGING SOURCE
Original cataloging agency DLC
Transcribing agency DLC
Modifying agency DLC
042 ## - AUTHENTICATION CODE
Authentication code pcc
050 00 - LIBRARY OF CONGRESS CALL NUMBER
Classification number TS156.8
Item number .J63 2011
082 00 - DEWEY DECIMAL CLASSIFICATION NUMBER
Classification number 629.83
Edition number 22
Author Mark JOH
100 1# - MAIN ENTRY--PERSONAL NAME
Personal name Johnson, Curtis D.,
Dates associated with a name 1939-
9 (RLIN) 84514
245 10 - TITLE STATEMENT
Title Process control instrumentation technology /
Statement of responsibility, etc. Curtis D. Johnson.
250 ## - EDITION STATEMENT
Edition statement 8th ed.
260 ## - PUBLICATION, DISTRIBUTION, ETC.
Place of publication, distribution, etc. Upper Saddle River, NJ :
Name of publisher, distributor, etc. Pearson/Prentice Hall,
Date of publication, distribution, etc. 2006.
300 ## - PHYSICAL DESCRIPTION
Extent x, 694 p. :
Other physical details ill. ;
Dimensions 24 cm.
504 ## - BIBLIOGRAPHY, ETC. NOTE
Bibliography, etc. note Includes bibliographical references (p. 636) and index.
563 ## - BINDING INFORMATION
Binding note PB
650 #0 - SUBJECT ADDED ENTRY--TOPICAL TERM
Topical term or geographic name entry element Process control.
9 (RLIN) 84515
650 #0 - SUBJECT ADDED ENTRY--TOPICAL TERM
Topical term or geographic name entry element Engineering instruments.
9 (RLIN) 84516
906 ## - LOCAL DATA ELEMENT F, LDF (RLIN)
a 7
b cbc
c orignew
d 1
e ocip
f 20
g y-gencatlg
942 ## - ADDED ENTRY ELEMENTS (KOHA)
Source of classification or shelving scheme
Koha item type Book
Holdings
Withdrawn status Lost status Source of classification or shelving scheme Damaged status Not for loan Permanent Location Current Location Shelving location Date acquired Full call number Barcode Date last seen Price effective from Koha item type
          School of Mechanical & Manufacturing Engineering (SMME) School of Mechanical & Manufacturing Engineering (SMME) General Stacks 08/06/2015 629.83 JOH SMME-1205 03/28/2018 08/06/2015 Book
© 2023 Central Library, National University of Sciences and Technology. All Rights Reserved.